| 000 | 00805 a2200205 4500 | ||
|---|---|---|---|
| 010 | _aENG-87963 | ||
| 020 | _c120.00 | ||
| 035 | _aEN-71497 | ||
| 037 | _bDBAD / PUB | ||
| 082 | 1 | 4 | _a658.3 |
| 090 |
_c7614 _d7614 |
||
| 100 | 1 | _aRao, P. Subba | |
| 245 | 1 |
_aHuman resource management : _bas per new syllabus of subject, Human Resource Management for second semester, first year B.Com, Bangalore University w.e.f. 2004-05 / _cby P. Subba Rao |
|
| 250 | _a3rd rev. ed. | ||
| 260 |
_aNew Delhi _bHimalaya Publishing House _c2007 |
||
| 270 |
_aPooja Apartments, 4-B, Murari Lal Street, Ansari Road, Darya Ganj _bNew Delhi _e110 002 |
||
| 300 |
_a209 p. _c24 cm (pbk) |
||
| 942 |
_adpl _cEN _k658.3 / RAO |
||
| 999 |
_c7481 _d7481 |
||